The Byronic hero as a cultural icon in the romantic period /
Saved in:
| 主要作者: | |
|---|---|
| 格式: | Thesis 图书 |
| 语言: | English |
| 出版: |
2005.
|
| 主题: | |
| 在线阅读: | http://studentsrepo.um.edu.my/id/eprint/2251 |
| 标签: |
添加标签
没有标签, 成为第一个标记此记录!
|
| LEADER | 00930cam a2200241 a 4500 | ||
|---|---|---|---|
| 001 | u714489 | ||
| 003 | SIRSI | ||
| 008 | 051109s2005 my t 00 eng m | ||
| 040 | |a UMM | ||
| 043 | |a e-uk-en | ||
| 090 | |a PR13 |b UM 2005 Dan | ||
| 100 | 1 | 0 | |a Daniel, Margaret. |
| 245 | 1 | 4 | |a The Byronic hero as a cultural icon in the romantic period / |c Margaret Daniel. |
| 260 | |c 2005. | ||
| 300 | |a viii, 131 leaves ; |c 30 cm. | ||
| 502 | |a Dissertation (M.A.) -- Jabatan Inggeris, Fakulti Sastera dan Sains Sosial, Universiti Malaya, 2005. | ||
| 504 | |a Bibliography: leaves 124-131. | ||
| 650 | 0 | |a Heroes in literature. | |
| 650 | 0 | |a English literature |y 19th century |x History and criticism. | |
| 710 | 2 | 0 | |a Universiti Malaya. |b Jabatan Inggeris. |
| 856 | 4 | 1 | |u http://studentsrepo.um.edu.my/id/eprint/2251 |
| 596 | |a 1 | ||
| 999 | |a PR13 UM 2005 DAN |w LC |c 1 |i A511898343 |d 13/10/2017 |e 13/10/2017 |f 15/8/2006 |g 1 |l STACKS |m P01UTAMA |n 8 |r Y |s Y |t TESIS |u 15/8/2006 | ||
